Sports Quiz

Random Sports or Baseball Quiz

Hard-to-Achieve MLB 'Feats' Quiz Stats

 Plays Quiz not verified by Sporcle

Support Sporcle.
Go Orange.
Score 0/19 Timer 08:00
0 Plays Today
Feat Player % Correct
Batters with 50 HRs in a Season scoring less than 100 RunsMark McGwire
90.6%
Batters with 50 HRs in a Season scoring less than 100 RunsAndruw Jones
89.6%
Pitchers with over 200 career Wild PitchesNolan Ryan
81.3%
Batters with 30 GIDP and 100 Ks in one seasonJim Rice
76%
Pitchers who allowed at least 40 HRs while winning at least 20 gamesPhil Niekro
63.5%
Pitchers who allowed at least 40 HRs while winning at least 20 gamesJack Morris
63.5%
Pitchers with over 40 career BalksPhil Niekro
63.5%
Pitchers with over 200 career Wild PitchesPhil Niekro
63.5%
Pitchers with over 200 career Wild PitchesJack Morris
63.5%
Pitchers with over 40 career BalksSteve Carlton
55.2%
Feat Player % Correct
Pitchers who allowed at least 40 HRs while winning at least 20 gamesRobin Roberts
54.2%
Pitchers who allowed at least 40 HRs while winning at least 20 gamesDenny McLain
40.6%
Batters with 30 GIDP and 100 Ks in one seasonTony Armas
32.3%
Pitchers with over 40 career BalksCharlie Hough
28.1%
Batter with 200 career HRs and less than 500 RunsTodd Hundley
26%
Pitchers with over 40 career BalksBob Welch
26%
Pitchers who allowed at least 40 HRs while winning at least 20 gamesRalph Terry
12.5%
Batters with 30 GIDP and 100 Ks in one seasonBen Grieve
7.3%
Pitchers with over 40 career BalksBud Black
5.2%

You're not logged in!

Compare scores with friends on all Sporcle quizzes.
OR
Log In

From the Vault

Remove Ads.
Support Sporcle.
Get the best of Sporcle when you Go Orange. This ad-free experience offers more features, more stats, and more fun while also helping to support Sporcle. Thank you for becoming a member.

Show Comments

Extras

Top Quizzes Today


Score Distribution

Your Account Isn't Verified!

In order to create a playlist on Sporcle, you need to verify the email address you used during registration. Go to your Sporcle Settings to finish the process.

Report this User

Report this user for behavior that violates our Community Guidelines.

Details: